Effectiffs Albanie Euro 2024 - Statistiques

Statistiques générales
  • Ce quiz a été pris 38 fois
  • Le résultat moyen est 13 sur 26
Statistiques - réponses
Poste Numéro Club Joueur % Correct
Attaquant 11 FC Chelsea Armando Broja
81%
Gardien 23 FC Brentford Thomas Strakosha
81%
Défenseur 4 Lazio Rome Elseid Hysaj
77%
Milieu 10 US Sassuolo Nedim Bajrami
74%
Milieu 21 Inter Milan Kristjan Asllani
71%
Défenseur 6 Atalanta Bergamo Berat Djimsiti
65%
Attaquant 9 FC Gwangju Jasir Asani
61%
Attaquant 7 Sivasspor Rey Manaj
58%
Défenseur 24 US Sassuolo Marash Kumbulla
52%
Attaquant 19 Rubin Kazan Mirlind Daku
52%
Défenseur 18 FC Empoli Ardian Ismajli
48%
Défenseur 2 Rayo Vallecano Ivan Balliu
48%
Milieu 14 Sparta Prague Qazim Laci
48%
Attaquant 15 FC Baniyas Taulant Seferi
48%
Attaquant 26 Dinamo Zagreb Arber Hoxha
45%
Défenseur 5 CFR Cluj Arlind Ajeti
45%
Milieu 17 JK Besiktas Ernest Muci
45%
Gardien 1 FC Empoli Etrit Berisha
45%
Milieu 20 US Lecce Ylber Ramadani
45%
Défenseur 3 Lokomotiv Moscou Mario Mitaj
42%
Milieu 8 SV Darmstadt Klaus Gjasula
39%
Milieu 22 Zurich Grasshopper Amir Abrashi
35%
Défenseur 13 FC Famalicao Enea Mihaj
35%
Gardien 12 AS Cittadella Elhan Kastrati
29%
Milieu 16 US Lecce Medon Berisha
26%
Défenseur 25 FC Voluntari Naser Aliji
23%
Aucun quiz correspondant
Distribution des résultats
% des personnes avec chaque résultat
Percentile par nombre de réponses
Votre historique - résultats
Vous n’avez pas pris ce quiz